000
00275nam a22001217a 4500
008
170307b xxu||||| |||| 00| 0 eng d
041
_a
eng
080
_2
2ND
_a
611
100
_a
6
101
_a
SHM
245
_a
ESSENTIALS OF EXERCISE PHYSIOLOGY
_c
KATCH, V.L
942
_2
udc
_c
BK
999
_c
6995
_d
6995